O avesso da pele (Record no. 15583)

MARC details
000 -Etiqueta do registo
Valores 00629nam a2200205 4500
010 ## - Número ISBN
ISBN 9789897841934
021 ## - Número do Depósito Legal
Número 479567/21
100 ## - Dados gerais de processamento
Dados gerais 20210528d2021 m y0pory50030103ba
200 1# - Titulo e menção de responsabilidade
Título próprio O avesso da pele
Primeira menção de responsabilidade Jeferson Tenório
205 ## - Menção da edição
Edição 1ªed
210 #9 - Publicação
Local de publicação Lisboa
Nome do editor Companhia das Letras,
Data de publicação 2021
215 ## - Descrição física 
Paginação / Volumes 194, [3] p.
Dimensões 23 cm
Material acompanhante glossário ([2 p.])
300 ## - Notas gerais 
Texto da nota PADES
675 ## - CDU
Notação 821.134.3(81)-31"20"
Edição BN
Língua por
700 #1 - Autor principal (pessoa individual)
Apelido Tenório,
Nome Jeferson,
Datas 1977-
801 #0 - Fonte de origem
País PT
Agência BN
Regras de catalogação RPC
856 41 - Localização e acesso electrónico 
URL <a href="http://rnod.bnportugal.gov.pt/ImagesBN/winlibimg.aspx?skey=&doc=2071178&img=151754&save=true">http://rnod.bnportugal.gov.pt/ImagesBN/winlibimg.aspx?skey=&doc=2071178&img=151754&save=true</a>
990 ## - Elementos KOHA
Tipo de documento Livro
Holdings
Situação do levantamento Estado Número Biblioteca de origem Código de barras Cota Permissão de empréstimo Tipo de documento Forma de aquisição
    BMA Biblioteca Municipal do Alandroal 16907/21 821.134.3(81)-31 TEN   Livro Compra

Powered by Koha